TB. OF NURSING FOUNDATION (Record no. 21868)

MARC details
000 -LEADER
fixed length control field 00347nam a22001577a 4500
003 - CONTROL NUMBER IDENTIFIER
control field SGT
020 ## - INTERNATIONAL STANDARD BOOK NUMBER
International Standard Book Number 9788194802846
082 ## - DEWEY DECIMAL CLASSIFICATION NUMBER
Classification number 610.73
Item number N21C
100 ## - MAIN ENTRY--PERSONAL NAME
Personal name CLEMENT, I.
245 ## - TITLE STATEMENT
Title TB. OF NURSING FOUNDATION
250 ## - EDITION STATEMENT
Edition statement 3RD
260 ## - PUBLICATION, DISTRIBUTION, ETC. (IMPRINT)
Place of publication, distribution, etc INDIA
Name of publisher, distributor, etc JAYPEE PUB
Year of Publication 2021
300 ## - PAGE DESCRIPTION
No. of Pages 764
650 ## - SUBJECT ADDED ENTRY--TOPICAL TERM
Topical term or geographic name as entry element NURSING FOUNDATION
942 ## - ADDED ENTRY ELEMENTS (KOHA)
Source of classification or shelving scheme Dewey Decimal Classification
Koha item type Books
942 ## - ADDED ENTRY ELEMENTS (KOHA)
-- 281
Holdings
Withdrawn status Lost status Source of classification or shelving scheme Damaged status Not for loan Collection code Home library Current library Shelving location Date acquired Vendor Name Cost, normal purchase price SGTU Bill Number Total Checkouts Total Renewals Full call number Accession No. (Barcode) Date last seen Date last borrowed Bill Date Koha item type Checked out
    Dewey Decimal Classification     NURSING SGT Medical Library SGT Medical Library Text Book 25/09/2021 JAYPEE PUB 1095.00 SGTU N5/INV/-1/2100076 56 3 610.73 N21C FN4126 05/06/2026 15/05/2026   Books  
    Dewey Decimal Classification     NURSING SGT Medical Library SGT Medical Library Text Book 25/09/2021 JAYPEE PUB 1095.00 SGTU N5/INV/-1/2100076 82 1 610.73 N21C FN4127 26/05/2026 26/05/2026   Books 09/06/2026
    Dewey Decimal Classification     NURSING SGT Medical Library SGT Medical Library Text Book 25/09/2021 JAYPEE PUB 1095.00 SGTU N5/INV/-1/2100076 84 1 610.73 N21C FN4128 05/06/2026 22/05/2026   Books  
    Dewey Decimal Classification     NURSING SGT Medical Library SGT Medical Library Text Book 25/09/2021 JAYPEE PUB 1095.00 SGTU N5/INV/-1/2100076 84   610.73 N21C FN4129 25/05/2026 25/05/2026   Books 08/06/2026
    Dewey Decimal Classification     NURSING SGT Medical Library SGT Medical Library Text Book 25/09/2021 JAYPEE PUB 1095.00 SGTU N5/INV/-1/2100076 75 3 610.73 N21C FN4130 22/05/2026 22/05/2026   Books 05/06/2026